| 000 | 00505 a2200169 4500 | ||
|---|---|---|---|
| 020 | _a1402016166 | ||
| 020 | _a9781402016165 | ||
| 082 | 0 | 4 | _a515.7 |
| 090 |
_c1587 _d1587 |
||
| 100 | 1 | _aSuhubi, E. | |
| 245 | 1 | 0 |
_aFunctional analysis / _cE. Suhubi. |
| 250 | _a1st ed. | ||
| 260 |
_a[S.l.] : _bSpringer, _c2003. |
||
| 300 |
_a702 p. ; _c25 cm. |
||
| 942 |
_aSNS _cBK _k515.7 SUH |
||
| 999 |
_c30197 _d30197 |
||